| 000 -LEADER |
| fixed length control field |
00477nam a22001217a 4500 |
| 040 ## - CATALOGING SOURCE |
| Transcribing agency |
HS |
| 082 ## - DEWEY DECIMAL CLASSIFICATION NUMBER |
| Classification number |
171 |
| 110 ## - MAIN ENTRY--CORPORATE NAME |
| Corporate name or jurisdiction name as entry element |
AQUATIC ANIMAL HEALTH RESEARCH INSTITUTE (AAHRI) DEPARTMENT OF FISHERIES KASETSART UNIVERSISTY CAMPUS BANGKOK THAILAND |
| 245 ## - TITLE STATEMENT |
| Title |
Diagnostic procedures for finfish diseases |
| 260 ## - PUBLICATION, DISTRIBUTION, ETC. (IMPRINT) |
| Place of publication |
Thailand |
| Name of publisher |
AQUATIC ANIMAL HEALTH RESEARCH INSTITUTE (AAHRI) DEPARTMENT OF FISHERIES KASETSART UNIVERSISTY CAMPUS BANGKOK THAILAND |
| Year of publication |
1991 |
| 300 ## - PHYSICAL DESCRIPTION |
| Number of Pages |
60p; |
| 942 ## - ADDED ENTRY ELEMENTS (KOHA) |
| Koha item type |
សៀវភៅភាសាអង់គ្លេស |
| 952 ## - LOCATION AND ITEM INFORMATION (KOHA) |
| Withdrawn status [LOCAL, KOHA] |
0 |
| 952 ## - LOCATION AND ITEM INFORMATION (KOHA) |
| Withdrawn status [LOCAL, KOHA] |
0 |